Finał Ligi Mistrzów 2014/2015 - składy - Statystyki

Ogólne statystyki
  • Ten quiz został rozwiązany 322 razy
  • Średni wynik to 21 z 30
Statystyki odpowiedzi
Pozycja Narodowość Numer Imię i nazwisko % Poprawnych
Bramkarz Włochy 1 Gianluigi Buffon
96%
Napastnik Argentyna 10 Lionel Messi
96%
Napastnik Urugwaj 9 Luis Suárez
95%
Napastnik Brazylia 11 Neymar
95%
Bramkarz Niemcy 1 Marc-André ter Stegen
94%
Pomocnik Hiszpania 8 Andrés Iniesta
92%
Obrońca Hiszpania 3 Gerard Piqué
92%
Pomocnik Chorwacja 4 Ivan Rakitić
92%
Obrońca Brazylia 22 Dani Alves
91%
Obrońca Hiszpania 18 Jordi Alba
87%
Obrońca Argentyna 14 Javier Mascherano
86%
Obrońca Włochy 19 Leonardo Bonucci
85%
Pomocnik Chile 23 Arturo Vidal
84%
Rezerwowy Hiszpania 6 Xavi
84%
Pomocnik Hiszpania 5 Sergio Busquets
83%
Pomocnik Francja 6 Paul Pogba
81%
Trener Hiszpania # Luis Enrique
78%
Napastnik Hiszpania 9 Álvaro Morata
77%
Pomocnik Włochy 21 Andrea Pirlo
70%
Obrońca Francja 33 Patrice Evra
59%
Obrońca Włochy 15 Andrea Barzagli
58%
Pomocnik Włochy 8 Claudio Marchisio
58%
Trener Włochy # Massimiliano Allegri
56%
Rezerwowy Hiszpania 7 Pedro
56%
Napastnik Argentyna 10 Carlos Tévez
53%
Obrońca Szwajcaria 26 Stephan Lichtsteiner
43%
Rezerwowy Francja 24 Jérémy Mathieu
35%
Rezerwowy Francja 11 Kingsley Coman
29%
Rezerwowy Hiszpania 14 Fernando Llorente
25%
Rezerwowy Argentyna 37 Roberto Pereyra
14%
Nie znaleziono quizów pasujących do podanych kryteriów
Rozkład punktacji
Procent ludzi z każdym wynikiem
Percentyl według liczby udzielonych odpowiedzi
Twoja historia wyników
Nie rozwiązałeś tego quizu